[Event "DM G7 Grp1 2025"]
[Site "Svendborg"]
[Date "2025.04.19"]
[Round "5"]
[White "Jepsen, Thomas Tange"]
[Black "Andersen, Lars Christoff"]
[Result "1/2-1/2"]
[WhiteElo "1995"]
[BlackElo "1971"]
[WhiteFideId "1405357"]
[BlackFideId "1412760"]
[EventDate "2025.04.15"]
[EventType "swiss"]
[EventRounds "7"]
[EventCountry "DEN"]
[SourceTitle "Live v. Kasper Jerwiarz"]

1. d4 e6 2. c4 d5 3. Nc3 Bb4 4. Nf3 Nf6 5. Qa4+ Nc6 6. e3 O-O 7. Bd3 dxc4 8. Bxc4 Bd6 9. O-O e5 10. d5 Ne7 11. e4 Ng6 12. Qc2 Nh5 13. g3 Bg4 14. Be2 Qd7 15. Be3 f5 16. exf5 Bxf5 17. Ne4 Nf6 18. Nfg5 Nxe4 19. Nxe4 Rae8 20. f3 Ne7 21. Qb3 Kh8 22. Rad1 a6 23. Qxb7 Rb8 24. Qxa6 Rxb2 25. Bc1 Rb6 26. Qc4 Rb4 27. Qc2 Qa4 28. Qxa4 Rxa4 29. Nxd6 cxd6 30. a3 Bc2 31. Rd2 Bb3 32. Bb5 Ra5 33. Bc6 Nxd5 34. Bxd5 Bxd5 35. f4 exf4 36. Rxf4 Rxf4 37. gxf4 Kg8 38. Rc2 Rc5 1/2-1/2

[Event "DM G7 Grp1 2025"]
[Site "Svendborg"]
[Date "2025.04.19"]
[Round "5"]
[White "Hollesen, Kurt"]
[Black "Christensen, Jacob Foged"]
[Result "0-1"]
[WhiteElo "1974"]
[BlackElo "1969"]
[WhiteFideId "1406817"]
[BlackFideId "1439073"]
[EventDate "2025.04.15"]
[EventType "swiss"]
[EventRounds "7"]
[EventCountry "DEN"]
[SourceTitle "Live v. Kasper Jerwiarz"]

1. e4 e5 2. Nf3 Nc6 3. Bc4 Bc5 4. O-O Nf6 5. d3 d6 6. h3 h6 7. c3 O-O 8. Re1 a5 9. d4 Ba7 10. d5 Ne7 11. Bd3 Bd7 12. c4 Qc8 13. Be3 Ng6 14. Kh2 Nh5 15. Ng1 Nhf4 16. Bf1 Ne7 17. Bxa7 Rxa7 18. g3 Nfg6 19. g4 Nf4 20. Nc3 Neg6 21. f3 Qd8 22. Nce2 Qh4 23. Nxf4 Nxf4 24. Qd2 h5 25. Qe3 b6 26. Ne2 hxg4 27. fxg4 g5 28. Qg3 Qh7 29. Nxf4 gxf4 30. Qf3 Kg7 31. Kg2 Rh8 32. Kf2 b5 33. c5 dxc5 34. Qc3 Qh4+ 35. Ke2 Qe7 36. Rac1 c4 37. b3 cxb3 38. axb3 f6 39. Ra1 b4 40. Qc4 Qd6 41. Kf3 Qb6 42. Rac1 a4 43. bxa4 Rxa4 44. Qxc7 Ra3+ 45. Ke2 Qe3+ 0-1

[Event "DM G7 Grp1 2025"]
[Site "Svendborg"]
[Date "2025.04.19"]
[Round "5"]
[White "Justesen, Asger"]
[Black "Ringsmose, Christian"]
[Result "1-0"]
[WhiteElo "2077"]
[BlackElo "1944"]
[WhiteFideId "1476173"]
[BlackFideId "1451669"]
[EventDate "2025.04.15"]
[EventType "swiss"]
[EventRounds "7"]
[EventCountry "DEN"]
[SourceTitle "Live v. Kasper Jerwiarz"]

1. d4 d5 2. c4 c6 3. Nf3 Nf6 4. e3 e6 5. b3 Ne4 6. Bd3 Bb4+ 7. Nbd2 Nd7 8. O-O f5 9. a3 Bd6 10. Bb2 O-O 11. b4 Rf6 12. Ne5 Rh6 13. c5 Bc7 14. Ndf3 g5 15. Nxd7 g4 16. g3 Bxd7 17. Ne5 Ng5 18. f4 Bxe5 19. fxg5 Qxg5 20. dxe5 Qxe3+ 21. Kg2 Qg5 22. Bc1 Rxh2+ 23. Kxh2 Qh5+ 24. Kg1 1-0

[Event "DM G7 Grp1 2025"]
[Site "Svendborg"]
[Date "2025.04.19"]
[Round "5"]
[White "Shajan, Alan Pattayil"]
[Black "Li, Anna Sofie"]
[Result "1-0"]
[WhiteElo "1934"]
[BlackElo "1781"]
[WhiteFideId "33436134"]
[BlackFideId "1472119"]
[EventDate "2025.04.15"]
[EventType "swiss"]
[EventRounds "7"]
[EventCountry "DEN"]
[SourceTitle "Live v. Kasper Jerwiarz"]

1. e4 e5 2. Nf3 Nc6 3. Bb5 a6 4. Ba4 Nf6 5. O-O Be7 6. Re1 b5 7. Bb3 O-O 8. d4 Nxd4 9. Bxf7+ Rxf7 10. Nxe5 Rf8 11. Qxd4 Bb7 12. Nc3 c5 13. Qd1 d5 14. exd5 Nxd5 15. Qg4 Qd6 16. Bg5 Bxg5 17. Qxg5 Nxc3 18. bxc3 Qd5 19. Nf3 Rf5 20. Qg3 Qf7 21. Ne5 Qd5 22. f3 Re8 23. Ng4 Re6 24. Rxe6 Qxe6 25. Re1 Qc6 26. Rd1 Rf8 27. Qd6 Qxd6 28. Rxd6 Re8 29. Kf2 Kf7 30. Ne3 g6 31. Nd5 Bxd5 32. Rxd5 Ke6 33. Rd2 Rf8 34. g3 Rf5 35. f4 Rf8 36. Ke3 h5 37. h3 Re8 38. Kf3 Rh8 39. g4 hxg4+ 40. Kxg4 Rf8 41. Rd1 c4 42. a4 bxa4 43. Ra1 Kd5 44. Rxa4 Rf6 45. Ra5+ Kd6 46. Rxa6+ Ke7 47. Rxf6 Kxf6 48. h4 Ke6 49. Kg5 Kf7 50. f5 1-0

[Event "DM G7 Grp1 2025"]
[Site "Svendborg"]
[Date "2025.04.19"]
[Round "5"]
[White "Mollasoltani, Aryan "]
[Black "Madsen, Michael Baehring"]
[Result "1/2-1/2"]
[WhiteElo "2014"]
[BlackElo "2043"]
[WhiteFideId "1465716"]
[BlackFideId "1413031"]
[EventDate "2025.04.15"]
[EventType "swiss"]
[EventRounds "7"]
[EventCountry "DEN"]
[SourceTitle "Live v. Kasper Jerwiarz"]

1. e4 e5 2. Nf3 d6 3. d4 Nd7 4. Nc3 Ngf6 5. Bc4 exd4 6. Nxd4 Nb6 7. Be2 Be7 8. O-O O-O 9. a4 a5 10. Re1 Nfd7 11. b3 Bf6 12. Bb2 Nc5 13. Bf1 Ne6 14. Nf5 Bd7 15. Rb1 Bc6 16. Qg4 Nd7 17. Nh6+ Kh8 18. Nxf7+ Rxf7 19. Qxe6 Qf8 20. f3 Bd4+ 21. Kh1 Ne5 22. Ne2 Bxb2 23. Rxb2 Re8 24. Qh3 Nxf3 25. gxf3 Rxf3 26. Ng3 Rxe4 27. Rxe4 Bxe4 28. Kg1 d5 29. Bg2 Qc5+ 30. Kh1 Qf8 31. Bxf3 Qxf3+ 32. Kg1 Qe3+ 33. Kf1 Qf3+ 34. Kg1 Qe3+ 35. Kf1 Qf3+ 36. Ke1 Qe3+ 37. Kf1 1/2-1/2

[Event "DM G7 Grp1 2025"]
[Site "Svendborg"]
[Date "2025.04.19"]
[Round "5"]
[White "Bekmukhanov, Sauran"]
[Black "Nielsen, Thomas"]
[Result "1-0"]
[WhiteElo "1914"]
[BlackElo "1960"]
[WhiteFideId "1472844"]
[BlackFideId "1407147"]
[EventDate "2025.04.15"]
[EventType "swiss"]
[EventRounds "7"]
[EventCountry "DEN"]
[SourceTitle "Live v. Kasper Jerwiarz"]

1. e4 c6 2. d4 d5 3. e5 Bf5 4. h4 h5 5. Nf3 e6 6. Bd3 Bxd3 7. Qxd3 Qa5+ 8. c3 Qa6 9. Qc2 c5 10. Bg5 Nd7 11. Nbd2 Ne7 12. a3 Nc6 13. Nb3 Rc8 14. Rc1 cxd4 15. cxd4 b6 16. Qd2 f6 17. Bf4 Be7 18. Qc2 Kf7 19. Qd2 Na5 20. Nxa5 bxa5 21. Qe2 Rxc1+ 22. Bxc1 Qxe2+ 23. Kxe2 Rb8 24. exf6 gxf6 25. Kd3 a4 26. Kc2 Nb6 27. Bd2 Nc4 28. Bc3 Bd6 29. Re1 Bc7 30. Nd2 Nxd2 31. Kxd2 f5 32. Kc2 f4 33. f3 Rg8 34. Re2 Bd6 35. Kd3 Kf6 36. Rc2 Rb8 37. Re2 Rc8 38. Re1 Rg8 39. Re2 Kf5 40. Be1 Rc8 41. Bd2 Rb8 42. Be1 e5 43. Bc3 Re8 44. dxe5 Bxe5 45. Bd4 Re6 46. Bxa7 Bf6 47. Rc2 Bxh4 48. Kd4 Ra6 49. Bc5 Bf6+ 50. Kxd5 Ra8 51. Re2 Rb8 52. Bb4 Rc8 53. Bd6 Rc1 54. Re4 Rd1+ 55. Kc6 Bxb2 56. Rxf4+ Kg6 57. Rxa4 Rd2 58. g3 Rd3 59. f4 Kf6 60. Ra8 Rxg3 61. a4 h4 62. Rh8 h3 63. a5 Bd4 64. Kd5 Kg7 65. Rh5 Bf6 66. a6 Rd3+ 67. Ke6 Bd4 68. Rg5+ Kh6 69. Bf8+ Kh7 70. Kf7 Bg7 71. Rh5+ Bh6 72. Rxh6# 1-0

[Event "DM G7 Grp1 2025"]
[Site "Svendborg"]
[Date "2025.04.19"]
[Round "5"]
[White "Paludan, Noah"]
[Black "Snedker, Oliver Kaehne "]
[Result "1/2-1/2"]
[WhiteElo "1963"]
[BlackElo "1943"]
[WhiteFideId "1474987"]
[BlackFideId "1470051"]
[EventDate "2025.04.15"]
[EventType "swiss"]
[EventRounds "7"]
[EventCountry "DEN"]
[SourceTitle "Live v. Kasper Jerwiarz"]

1. e4 c6 2. d4 d5 3. exd5 cxd5 4. Nf3 Nc6 5. Ne5 g6 6. Bb5 Bd7 7. Nxd7 Qxd7 8. c3 Nf6 9. O-O Bg7 10. Nd2 a6 11. Bd3 O-O 12. Re1 e6 13. Nf3 Qc7 14. Bd2 Nd7 15. Bf1 b5 16. Rc1 Qb6 17. Bf4 Rfc8 18. b4 a5 19. a3 axb4 20. axb4 Ra3 21. Qd3 Na7 22. Bd2 Qa6 23. Ne5 Nf6 24. f3 1/2-1/2

[Event "DM G7 Grp1 2025"]
[Site "Svendborg"]
[Date "2025.04.19"]
[Round "5"]
[White "Jorgensen, Alexander Torp"]
[Black "Skytte, Robert"]
[Result "0-1"]
[WhiteElo "1900"]
[BlackElo "1909"]
[WhiteFideId "1434187"]
[BlackFideId "1471775"]
[EventDate "2025.04.15"]
[EventType "swiss"]
[EventRounds "7"]
[EventCountry "DEN"]
[SourceTitle "Live v. Kasper Jerwiarz"]

1. c4 e6 2. f4 d5 3. Nf3 Nf6 4. e3 b6 5. b3 Bb7 6. Bb2 c5 7. cxd5 exd5 8. Bb5+ Bc6 9. Be2 Bd6 10. Ne5 O-O 11. O-O Bb7 12. d3 Nc6 13. Nd2 Re8 14. Ndf3 d4 15. exd4 cxd4 16. Nxc6 Bxc6 17. g3 Bc5 18. Ne5 Bb7 19. Bf3 Nd5 20. Bxd5 Qxd5 21. Nf3 Re3 22. Kg2 Rae8 23. Rf2 Rxf3 24. Rxf3 Re3 0-1

[Event "DM G7 Grp1 2025"]
[Site "Svendborg"]
[Date "2025.04.19"]
[Round "5"]
[White "Jensen, Soren"]
[Black "Peitersen, Andreas"]
[Result "1-0"]
[WhiteElo "1987"]
[BlackElo "1912"]
[WhiteFideId "1421204"]
[BlackFideId "1479814"]
[EventDate "2025.04.15"]
[EventType "swiss"]
[EventRounds "7"]
[EventCountry "DEN"]
[SourceTitle "Live v. Kasper Jerwiarz"]

1. e4 d6 2. d4 Nf6 3. Nc3 g6 4. Bc4 Bg7 5. Nf3 O-O 6. Bf4 Nxe4 7. Nxe4 d5 8. Qe2 dxc4 9. Qxc4 c6 10. O-O-O Nd7 11. Rhe1 Nb6 12. Qc5 h6 13. Nc3 e6 14. h4 Nd5 15. Be5 f6 16. Bg3 Nxc3 17. Qxc3 Qd5 18. Kb1 a5 19. Bf4 b5 20. g4 b4 21. Qe3 g5 22. Bg3 Bd7 23. hxg5 hxg5 24. Nd2 Kf7 25. Ne4 Rh8 26. f4 gxf4 27. Bxf4 Rh4 28. g5 f5 29. Nf6 Bxf6 30. gxf6 Rah8 31. Be5 Rg4 32. a3 Bc8 33. Rg1 Ba6 34. Rxg4 fxg4 35. Qg5 Rg8 36. Qh5+ Kf8 37. f7 1-0

[Event "DM G7 Grp1 2025"]
[Site "Svendborg"]
[Date "2025.04.20"]
[Round "6"]
[White "Leimand, Jens Christian "]
[Black "Ramsdal, Lasse Andreas"]
[Result "1-0"]
[WhiteElo "2158"]
[BlackElo "1968"]
[WhiteFideId "1404270"]
[BlackFideId "1440675"]
[EventDate "2025.04.15"]
[EventType "swiss"]
[EventRounds "7"]
[EventCountry "DEN"]
[SourceTitle "Live v. Kasper Jerwiarz"]

1. d4 d5 2. c4 c6 3. Nf3 Nf6 4. Nc3 e6 5. Bg5 Nbd7 6. e3 Bd6 7. Qc2 O-O 8. cxd5 cxd5 9. Bd3 h6 10. Bh4 Qc7 11. O-O a6 12. Rfc1 b5 13. Qe2 Qb8 14. a3 Bb7 15. Bg3 Bxg3 16. hxg3 Re8 17. Rd1 Qd6 18. Rac1 Re7 19. Bb1 Rae8 20. Qd3 Ne4 21. Nd2 f5 22. Ne2 g5 23. Nxe4 fxe4 24. Qc3 Nf6 25. Qc5 Qb8 26. Qb6 h5 27. Rc2 Ng4 28. Rdc1 h4 29. Rc7 Kf7 30. gxh4 gxh4 31. Nf4 Rxc7 32. Rxc7+ Qxc7 33. Qxc7+ Re7 34. Qc3 Nf6 35. f3 Ne8 36. fxe4 Rc7 37. Qe1 dxe4 38. Ba2 Ng7 39. Qxh4 Rc1+ 40. Kh2 Ra1 41. Bb3 Rb1 42. Nh5 Ne8 43. Qf4+ Ke7 44. Qe5 Bc8 45. Bxe6 Bxe6 46. d5 1-0

[Event "DM G7 Grp1 2025"]
[Site "Svendborg"]
[Date "2025.04.20"]
[Round "6"]
[White "Andersen, Lars Christoff"]
[Black "Rossen, Claus"]
[Result "1-0"]
[WhiteElo "1971"]
[BlackElo "2077"]
[WhiteFideId "1412760"]
[BlackFideId "1403222"]
[EventDate "2025.04.15"]
[EventType "swiss"]
[EventRounds "7"]
[EventCountry "DEN"]
[SourceTitle "Live v. Kasper Jerwiarz"]

1. d4 Nf6 2. c4 g6 3. Nc3 d5 4. Nf3 Bg7 5. cxd5 Nxd5 6. Bd2 O-O 7. Rc1 Nc6 8. e4 Nb6 9. d5 Ne5 10. Nxe5 Bxe5 11. Bh6 Re8 12. Bb5 Nd7 13. O-O a6 14. f4 Bh8 15. Be2 Nb6 16. a4 Bd7 17. a5 Nc8 18. e5 c6 19. Qb3 cxd5 20. Qxb7 Ra7 21. Qxd5 e6 22. Qc5 Rb7 23. Rfd1 Qe7 24. Qxe7 Nxe7 25. Bxa6 Ra7 26. Rxd7 Rxa6 27. Ne4 Nf5 28. Bg5 Rxa5 29. g4 Ne3 30. Nd6 Rb8 31. Nxf7 Bg7 32. f5 Nxg4 33. f6 Bf8 34. h3 Nxe5 35. Nxe5 Rxe5 36. Bf4 Reb5 37. Bxb8 Rxb8 38. Rc2 Bh6 39. Kg2 Bg5 40. Rf2 Be3 41. f7+ Kf8 42. Rc2 e5 43. b4 Bg5 44. b5 Bd8 45. Rc5 1-0

[Event "DM G7 Grp1 2025"]
[Site "Svendborg"]
[Date "2025.04.20"]
[Round "6"]
[White "Christensen, Jacob Foged"]
[Black "Bekmukhanov, Sauran"]
[Result "1-0"]
[WhiteElo "1969"]
[BlackElo "1914"]
[WhiteFideId "1439073"]
[BlackFideId "1472844"]
[EventDate "2025.04.15"]
[EventType "swiss"]
[EventRounds "7"]
[EventCountry "DEN"]
[SourceTitle "Live v. Kasper Jerwiarz"]

1. d4 Nf6 2. c4 e6 3. Nf3 d5 4. Nc3 Be7 5. Bf4 Nbd7 6. e3 O-O 7. Bd3 c6 8. O-O b6 9. cxd5 exd5 10. e4 dxe4 11. Nxe4 Nd5 12. Bd2 N7f6 13. Rc1 Bb7 14. Re1 Rc8 15. Qb3 Re8 16. Ne5 Bf8 17. Ng5 Rc7 18. Qc2 g6 19. Bc4 Bg7 20. Ngf3 c5 21. Qb3 cxd4 22. Nxd4 Rce7 23. Ndf3 Qa8 24. Bb5 Rc8 25. Rcd1 a6 26. Bf1 Rce8 27. a4 Nd7 28. Nxd7 Rxd7 29. Be3 Rd6 30. Bd4 Rxe1 31. Rxe1 Bxd4 32. Nxd4 Nf4 33. Nf3 Bxf3 34. Qxf3 Qxf3 35. gxf3 a5 36. Re4 h5 37. Rxf4 Rd2 38. b3 Rb2 39. Bc4 Kg7 40. Rxf7+ Kh6 41. Rb7 Kg5 42. Kg2 Kh4 43. Rxb6 Rc2 44. Rb5 g5 45. Rxa5 g4 46. f4 1-0

[Event "DM G7 Grp1 2025"]
[Site "Svendborg"]
[Date "2025.04.20"]
[Round "6"]
[White "Jepsen, Thomas Tange"]
[Black "Justesen, Asger"]
[Result "0-1"]
[WhiteElo "1995"]
[BlackElo "2077"]
[WhiteFideId "1405357"]
[BlackFideId "1476173"]
[EventDate "2025.04.15"]
[EventType "swiss"]
[EventRounds "7"]
[EventCountry "DEN"]
[SourceTitle "Live v. Kasper Jerwiarz"]

1. d4 d5 2. c4 e6 3. Nc3 a6 4. cxd5 exd5 5. Nf3 Nf6 6. Bg5 Be6 7. e3 Nbd7 8. Be2 Bd6 9. O-O O-O 10. Rc1 c6 11. Bh4 Bf5 12. Bg3 Bxg3 13. hxg3 Qe7 14. Bd3 Bxd3 15. Qxd3 Ne4 16. Qc2 f5 17. Na4 Rf6 18. Qb3 b5 19. Nc3 Raf8 20. Nxe4 fxe4 21. Nd2 Kh8 22. Qd1 Qe6 23. Nb3 Rf5 24. Na5 Nb8 25. Rc3 Qh6 26. g4 R5f6 27. f4 exf3 28. Rxf3 Rxf3 29. gxf3 Qh3 30. f4 Rf6 31. g5 Re6 32. Qe2 Qg3+ 33. Kf1 h6 34. Qg2 Qh4 35. gxh6 Rxh6 36. a3 Qh5 37. Ke1 Rg6 38. Qf1 Qh2 0-1

[Event "DM G7 Grp1 2025"]
[Site "Svendborg"]
[Date "2025.04.20"]
[Round "6"]
[White "Jensen, Morten Frank"]
[Black "Shajan, Alan Pattayil"]
[Result "1/2-1/2"]
[WhiteElo "2004"]
[BlackElo "1934"]
[WhiteFideId "1407325"]
[BlackFideId "33436134"]
[EventDate "2025.04.15"]
[EventType "swiss"]
[EventRounds "7"]
[EventCountry "DEN"]
[SourceTitle "Live v. Kasper Jerwiarz"]

1. d4 Nf6 2. Nc3 d5 3. Bf4 c5 4. e3 cxd4 5. exd4 a6 6. Bd3 Nc6 7. Nf3 Bg4 8. Be2 e6 9. Ne5 Bxe2 10. Nxe2 Bd6 11. c3 Qc7 12. Nd3 Bxf4 13. Nexf4 b5 14. a3 O-O 15. O-O a5 16. Nh5 Qe7 17. Nxf6+ Qxf6 18. f4 h6 19. Ne5 Nxe5 20. fxe5 Qg6 21. Rf3 Rab8 22. Rg3 Qh7 23. b3 Rfc8 24. Qh5 Rc7 25. Rf1 Rbc8 26. h4 b4 27. cxb4 axb4 28. axb4 Qe4 29. Qg4 Qxg4 30. Rxg4 Rc3 31. Rgf4 R8c7 32. R4f3 Rxf3 33. Rxf3 Rb7 34. Kf2 Rxb4 35. Rd3 f6 36. exf6 gxf6 37. Ke3 Kg7 38. Kd2 Kg6 39. Kc3 Rb8 40. Re3 Kf5 41. Rf3+ Kg6 42. Re3 Rb6 43. b4 Kf5 44. Rf3+ Kg6 45. Re3 1/2-1/2

[Event "DM G7 Grp1 2025"]
[Site "Svendborg"]
[Date "2025.04.20"]
[Round "6"]
[White "Skytte, Robert"]
[Black "Hollesen, Kurt"]
[Result "1/2-1/2"]
[WhiteElo "1909"]
[BlackElo "1974"]
[WhiteFideId "1471775"]
[BlackFideId "1406817"]
[EventDate "2025.04.15"]
[EventType "swiss"]
[EventRounds "7"]
[EventCountry "DEN"]
[SourceTitle "Live v. Kasper Jerwiarz"]

1. e4 e6 2. d4 b6 3. Nc3 Bb7 4. Bd3 d6 5. Nf3 Nd7 6. Be3 a6 7. Qe2 Ne7 8. O-O h6 9. d5 e5 10. a4 g6 11. Nd2 Bg7 12. f4 exf4 13. Bxf4 Ne5 14. Nf3 O-O 15. Bxe5 dxe5 16. Rad1 Nc8 17. a5 b5 18. Qf2 Qe7 19. Qg3 Nd6 20. Nh4 Nc4 21. Bxc4 Qc5+ 22. Kh1 Qxc4 23. Rf2 Qb4 24. Rdf1 Qxa5 25. h3 Qb6 26. Nf3 Qd6 27. Nh2 Bc8 28. Ng4 Bxg4 29. Qxg4 Rad8 30. h4 Qd7 31. Qg3 h5 32. Qg5 Rde8 33. d6 cxd6 34. Nd5 Re6 35. b4 Qd8 36. Qg3 Qc8 37. Qg5 Qd7 38. c3 Kh7 39. Rf3 f6 40. Nxf6+ Bxf6 41. Rxf6 Rexf6 42. Rxf6 Rxf6 43. Qxf6 Qc7 44. g3 Qb7 45. Kh2 Qd7 46. Kg2 Qb7 47. Kh2 Qd7 48. Kg2 Qc7 49. Kg1 Qd7 50. Kg2 1/2-1/2

[Event "DM G7 Grp1 2025"]
[Site "Svendborg"]
[Date "2025.04.20"]
[Round "6"]
[White "Jensen, Soren"]
[Black "Madsen, Michael Baehring"]
[Result "1/2-1/2"]
[WhiteElo "1987"]
[BlackElo "2043"]
[WhiteFideId "1421204"]
[BlackFideId "1413031"]
[EventDate "2025.04.15"]
[EventType "swiss"]
[EventRounds "7"]
[EventCountry "DEN"]
[SourceTitle "Live v. Kasper Jerwiarz"]

1. e4 c5 2. a3 e6 3. b4 d5 4. exd5 exd5 5. Bb2 Nf6 6. Nf3 cxb4 7. axb4 Bxb4 8. Bb5+ Bd7 9. Qe2+ Qe7 10. Bxf6 gxf6 11. Bxd7+ Nxd7 12. Qxe7+ Kxe7 13. c3 Bc5 14. d4 Bb6 15. Kd2 Rhe8 16. Kd3 Kf8 17. Nbd2 Re6 18. Nh4 Rae8 19. Nf5 Nb8 20. Ne3 1/2-1/2

[Event "DM G7 Grp1 2025"]
[Site "Svendborg"]
[Date "2025.04.20"]
[Round "6"]
[White "Ringsmose, Christian"]
[Black "Mollasoltani, Aryan "]
[Result "0-1"]
[WhiteElo "1944"]
[BlackElo "2014"]
[WhiteFideId "1451669"]
[BlackFideId "1465716"]
[EventDate "2025.04.15"]
[EventType "swiss"]
[EventRounds "7"]
[EventCountry "DEN"]
[SourceTitle "Live v. Kasper Jerwiarz"]

1. e4 c5 2. Nf3 Nc6 3. d4 cxd4 4. Nxd4 Nf6 5. Nc3 e5 6. Ndb5 d6 7. Nd5 Nxd5 8. exd5 Nb8 9. a4 Be7 10. Be2 O-O 11. Bd2 a6 12. Na3 f5 13. O-O Nd7 14. f3 Nf6 15. Be3 Qe8 16. Nc4 Qg6 17. Nb6 Rb8 18. Ra3 f4 19. Bd2 Bh3 20. Rf2 Bf5 21. Bd3 e4 22. fxe4 Nxe4 23. Bxe4 Bxe4 24. Qf1 Bh4 25. Rxf4 Rxf4 26. Bxf4 Rf8 27. g3 Bg5 28. Qh3 Bxf4 29. Nd7 Re8 30. Rc3 Bf5 0-1

[Event "DM G7 Grp1 2025"]
[Site "Svendborg"]
[Date "2025.04.20"]
[Round "6"]
[White "Snedker, Oliver Kaehne "]
[Black "Li, Anna Sofie"]
[Result "0-1"]
[WhiteElo "1943"]
[BlackElo "1781"]
[WhiteFideId "1470051"]
[BlackFideId "1472119"]
[EventDate "2025.04.15"]
[EventType "swiss"]
[EventRounds "7"]
[EventCountry "DEN"]
[SourceTitle "Live v. Kasper Jerwiarz"]

1. e4 e5 2. Nf3 Nc6 3. Nc3 Nf6 4. Bb5 Nd4 5. Bc4 Bc5 6. Nxe5 Qe7 7. Nd3 d5 8. Nxd5 Qxe4+ 9. Ne3 Bd6 10. O-O b5 11. Re1 O-O 12. Bb3 c5 13. Nd5 Bxh2+ 14. Kf1 Qh4 15. Nxf6+ gxf6 16. Bd5 Bg4 17. Re4 Bf4 18. Qxg4+ Qxg4 19. Nxf4 Nxc2 0-1

[Event "DM G7 Grp1 2025"]
[Site "Svendborg"]
[Date "2025.04.20"]
[Round "6"]
[White "Kokholm, Daniel"]
[Black "Paludan, Noah"]
[Result "1/2-1/2"]
[WhiteElo "1913"]
[BlackElo "1963"]
[WhiteFideId "1407155"]
[BlackFideId "1474987"]
[EventDate "2025.04.15"]
[EventType "swiss"]
[EventRounds "7"]
[EventCountry "DEN"]
[SourceTitle "Live v. Kasper Jerwiarz"]

1. d4 Nf6 2. Nf3 g6 3. Nc3 d5 4. Bf4 Bg7 5. e3 O-O 6. Be2 c6 7. h4 h5 8. Ne5 Nbd7 9. g4 Nxe5 10. Bxe5 Nxg4 11. Bxg7 Kxg7 12. Qd2 b5 13. f3 Nf6 14. a3 Qd6 15. O-O-O b4 16. Nb1 bxa3 17. Nxa3 Bf5 18. Bd3 Bxd3 19. Qxd3 e5 20. c4 e4 21. Qf1 exf3 22. c5 Qe6 23. Qxf3 Rfe8 24. Rd3 Ng4 25. Nb1 Rab8 26. Re1 Rb7 27. Ra3 Rbe7 28. Nc3 Qd7 29. Nd1 Qb7 30. Qe2 Qb4 31. Qd2 Qb8 32. Qg2 Qb5 33. Qe2 Qb8 34. Qg2 Nf6 35. Rf1 Ne4 36. Qf3 Qg3 37. Ra6 Qxh4 38. Rxc6 Qh2 39. Nf2 Nxf2 40. Qf6+ Kg8 41. Rxf2 Qh1+ 42. Rf1 Qe4 43. Rf3 Qg4 44. Rd6 Qg1+ 45. Kc2 Qe1 46. c6 Qe2+ 47. Kb1 Qd1+ 48. Ka2 Qa4+ 1/2-1/2

[Event "DM G7 Grp1 2025"]
[Site "Svendborg"]
[Date "2025.04.20"]
[Round "6"]
[White "Nielsen, Thomas"]
[Black "Peitersen, Andreas"]
[Result "1-0"]
[WhiteElo "1960"]
[BlackElo "1912"]
[WhiteFideId "1407147"]
[BlackFideId "1479814"]
[EventDate "2025.04.15"]
[EventType "swiss"]
[EventRounds "7"]
[EventCountry "DEN"]
[SourceTitle "Live v. Kasper Jerwiarz"]

1. d4 Nf6 2. c4 g6 3. Nc3 Bg7 4. e4 d6 5. h3 O-O 6. Bg5 h6 7. Be3 Nc6 8. Nf3 e5 9. d5 Ne7 10. Qd2 Kh7 11. Bd3 c6 12. g4 Ne8 13. g5 h5 14. Nh4 cxd5 15. cxd5 Nc7 16. Ne2 Na6 17. Rc1 f5 18. gxf6 Bxf6 19. Bg5 Nxd5 20. Nf3 Nb6 21. Bxf6 Qxf6 22. Ng5+ Kh8 23. Qe3 Nc5 24. Bb1 Kg7 25. b4 Ne6 26. Nxe6+ Bxe6 27. Rc7+ Rf7 28. Rxf7+ Bxf7 29. O-O Nc4 30. Qc3 Qg5+ 31. Kh2 Qd2 32. Bd3 Qxa2 33. Rc1 Rc8 34. Rc2 Qa6 35. f4 Qb5 36. f5 g5 37. Ng3 Kh6 38. f6 Qb6 39. Nf5+ Kh7 40. Qe1 d5 41. Ne7 1-0

[Event "DM G7 Grp1 2025"]
[Site "Svendborg"]
[Date "2025.04.21"]
[Round "7"]
[White "Christensen, Jacob Foged"]
[Black "Leimand, Jens Christian "]
[Result "0-1"]
[WhiteElo "1969"]
[BlackElo "2158"]
[WhiteFideId "1439073"]
[BlackFideId "1404270"]
[EventDate "2025.04.15"]
[EventType "swiss"]
[EventRounds "7"]
[EventCountry "DEN"]
[SourceTitle "Live v. Kasper Jerwiarz"]

1. d4 d5 2. c4 c6 3. Nc3 Nf6 4. Nf3 a6 5. cxd5 cxd5 6. Qb3 Nc6 7. Bg5 e6 8. e3 h6 9. Bh4 Be7 10. Bd3 O-O 11. O-O b5 12. Rac1 Bb7 13. Qc2 Rc8 14. Qe2 Ne8 15. Bxe7 Qxe7 16. a4 b4 17. Nb1 a5 18. b3 Nf6 19. Nbd2 Qd6 20. Bb5 Na7 21. Ne5 Nxb5 22. Qxb5 Ba6 23. Qxa5 Bxf1 24. Rxc8 Rxc8 25. Kxf1 Rc2 26. Ke1 Ne4 27. Nxe4 dxe4 28. Qa8+ Qf8 29. Qxe4 Rc3 30. Nd7 Qc8 31. Nc5 Rc1+ 32. Kd2 Ra1 33. Qb7 Ra2+ 34. Kd3 Qd8 35. Qxb4 Rxf2 36. a5 e5 37. a6 Ra2 38. Na4 exd4 39. exd4 Qe8 40. d5 Qe2+ 41. Kd4 Qxa6 42. d6 Rxg2 43. Nc5 Qxd6+ 0-1

[Event "DM G7 Grp1 2025"]
[Site "Svendborg"]
[Date "2025.04.21"]
[Round "7"]
[White "Ramsdal, Lasse Andreas"]
[Black "Andersen, Lars Christoff"]
[Result "0-1"]
[WhiteElo "1968"]
[BlackElo "1971"]
[WhiteFideId "1440675"]
[BlackFideId "1412760"]
[EventDate "2025.04.15"]
[EventType "swiss"]
[EventRounds "7"]
[EventCountry "DEN"]
[SourceTitle "Live v. Kasper Jerwiarz"]

1. e4 e6 2. d4 d5 3. e5 c5 4. c3 Nc6 5. Nf3 Nge7 6. Na3 cxd4 7. cxd4 Nf5 8. Nc2 Be7 9. h4 h5 10. Bd2 Bd7 11. Be2 Rc8 12. Rc1 Qb6 13. Bc3 Na5 14. Nd2 Ba4 15. Rh3 g6 16. b3 Bb5 17. Bxb5+ Qxb5 18. Bxa5 Qxa5 19. b4 Qb6 20. a3 Nxd4 21. Nxd4 Rxc1 22. Qxc1 Qxd4 23. Qc8+ Bd8 24. Qxb7 Qxe5+ 25. Re3 Qa1+ 26. Ke2 Bb6 27. Qc6+ Kf8 28. Qd6+ Kg7 29. Rf3 Rf8 30. Qf4 Qd4 31. Qxd4+ Bxd4 32. Nb3 Bf6 33. g3 Rc8 34. Nc5 Bd4 35. Nb3 Bb6 36. Kd2 d4 37. a4 e5 38. a5 Bd8 39. Rd3 Be7 40. b5 Rb8 41. f4 f6 42. fxe5 fxe5 43. Nxd4 exd4 44. Rxd4 Rxb5 45. Rd7 Kf6 46. Rxa7 Bb4+ 47. Ke2 Bxa5 48. Kf3 Rb3+ 49. Ke4 Be1 50. Ra6+ Kg7 51. Ra7+ Kh6 52. g4 Rb4+ 53. Ke5 Rxg4 54. Ra8 Bc3+ 55. Ke6 Rxh4 56. Rc8 Bd4 57. Rd8 Rf4 58. Kd5 h4 0-1

[Event "DM G7 Grp1 2025"]
[Site "Svendborg"]
[Date "2025.04.21"]
[Round "7"]
[White "Rossen, Claus"]
[Black "Justesen, Asger"]
[Result "1-0"]
[WhiteElo "2077"]
[BlackElo "2077"]
[WhiteFideId "1403222"]
[BlackFideId "1476173"]
[EventDate "2025.04.15"]
[EventType "swiss"]
[EventRounds "7"]
[EventCountry "DEN"]
[SourceTitle "Live v. Kasper Jerwiarz"]

1. e4 e5 2. Nf3 Nc6 3. d4 exd4 4. Nxd4 Nf6 5. Nxc6 bxc6 6. e5 Qe7 7. Qe2 Nd5 8. c4 Ba6 9. b3 g6 10. f4 Bg7 11. Qf2 Nb6 12. Ba3 Qe6 13. Nd2 d6 14. c5 Bxf1 15. Kxf1 Nc8 16. cxd6 cxd6 17. Re1 O-O 18. Qf3 dxe5 19. Bxf8 Kxf8 20. Nc4 Nb6 21. Nxe5 Nd5 22. Qf2 Kg8 23. Qc5 Rc8 24. g3 Qh3+ 25. Kf2 Bf8 26. Qxa7 Qf5 27. Qd4 f6 28. Nd3 Bd6 29. Qe4 1-0

[Event "DM G7 Grp1 2025"]
[Site "Svendborg"]
[Date "2025.04.21"]
[Round "7"]
[White "Mollasoltani, Aryan "]
[Black "Jensen, Morten Frank"]
[Result "1/2-1/2"]
[WhiteElo "2014"]
[BlackElo "2004"]
[WhiteFideId "1465716"]
[BlackFideId "1407325"]
[EventDate "2025.04.15"]
[EventType "swiss"]
[EventRounds "7"]
[EventCountry "DEN"]
[SourceTitle "Live v. Kasper Jerwiarz"]

1. e4 d6 2. d4 Nf6 3. Nc3 g6 4. Be3 c6 5. Qd2 Nbd7 6. f3 Qa5 7. Nge2 b5 8. Nc1 Nb6 9. a4 Nc4 10. Bxc4 bxc4 11. O-O Rb8 12. Rb1 Bg7 13. b3 cxb3 14. Rxb3 Rxb3 1/2-1/2